Complete the Movie Title #11 - Statistics

General Stats
  • This quiz has been taken 73 times
  • The average score is 8 of 15
Answer Stats
Year Movie % Correct
2019 Spider-Man: Far from {Home}
91%
2021 Spider-Man: No Way {Home}
91%
2005 Brokeback {Mountain}
79%
2017 The Greatest {Showman}
68%
2014 X-Men: Days of Future {Past}
66%
2013 White House {Down}
56%
2003 Mona Lisa {Smile}
46%
2021 Free {Guy}
43%
2006 Happy {Feet}
43%
2017 Blade Runner {2049}
40%
2006 Stranger than {Fiction}
40%
2016 Nocturnal {Animals}
38%
2006 Monster {House}
37%
2011 Source {Code}
26%
2018 The Kindergarten {Teacher}
24%
No matching quizzes found
Score Distribution
Percent of People with Each Score
Percentile by Number Answered
Your Score History
You have not taken this quiz